| 000 | 00614nam a2200229Ia 4500 | ||
|---|---|---|---|
| 005 | 20250425161746.0 | ||
| 008 | 250425s9999 xx 000 0 und d | ||
| 020 | _a8448116062 | ||
| 041 | _aspa | ||
| 082 | _a628.3 | ||
| 110 | _aMETCALF & EDDY | ||
| 245 | 0 | _aINGENIERIA DE AGUAS RESIDUALES: TRATAMIENTO, VERTIDO Y REUTILIZACION | |
| 250 | _a3A ED. | ||
| 260 |
_aEspaƱa _bMCGRAW-HILL _c1995 |
||
| 260 | _aMADRID | ||
| 300 | _a1485 | ||
| 650 | _aAGUAS RESIDUALES-TRATAMIENTO | ||
| 650 | _aINGENIERIA SANITARIA | ||
| 700 |
_aJUAN DE DIOS TRILLO MONTSORIU _etraductor |
||
| 942 | _c01 | ||
| 010 | _a27988 | ||
| 999 |
_c215544 _d215544 |
||